[Event "Maastricht Limburg op-B 5th"]
[Site "Maastricht"]
[Date "2011.06.13"]
[Round "6"]
[White "Memeti, Kushtrim"]
[Black "Jakob, Matthias1"]
[Result "0-1"]
[WhiteElo "1830"]
[BlackElo "1997"]
[PlyCount "80"]
[EventDate "2011.06.10"]
[EventType "swiss"]
[EventRounds "7"]
[EventCountry "NED"]
[SourceTitle "EXT 2012"]
[Source "ChessBase"]
[SourceDate "2011.11.24"]
[SourceVersion "1"]
[SourceVersionDate "2011.11.24"]
[SourceQuality "1"]

1. d4 e6 2. Bf4 Nf6 3. e3 c5 4. c3 Nc6 5. Nd2 Be7 6. Bd3 d5 7. Ngf3 0-0 8. 0-0 Nh5 9. Bg3 Nxg3 10. hxg3 f6 11. Qc2 f5 12. dxc5 e5 13. Be2 Bxc5 14. Nb3 Bd6 15. c4 Be6 16. Nc5 Bxc5 17. cxd5 e4 18. Rfd1 exf3 19. dxe6 Qb6 20. Bxf3 Rad8 21. Rxd8 Nxd8 22. Qc4 Be7 23. Bd5 Qxb2 24. Rc1 Qe5 25. Rd1 Kh8 26. Qc8 h6 27. Qd7 Qf6 28. Rc1 Nc6 29. Qxb7 Nb4 30. Bb3 Nd3 31. Rc7 Qa1+ 32. Kh2 Nxf2 33. g4 Bd6+ 34. g3 Bxc7 35. e7 Re8 36. Bf7 Qe5 37. Kg2 Qxg3+ 38. Kf1 Ne4 39. Ke2 Qxg4+ 40. Kd3 Nc5+ 0-1

[Event "Maastricht Limburg op-B 5th"]
[Site "Maastricht"]
[Date "2011.06.11"]
[Round "3"]
[White "Johnen, Franz"]
[Black "Memeti, Kushtrim"]
[Result "1-0"]
[WhiteElo "1842"]
[BlackElo "1830"]
[PlyCount "71"]
[EventDate "2011.06.10"]
[EventType "swiss"]
[EventRounds "7"]
[EventCountry "NED"]
[SourceTitle "EXT 2012"]
[Source "ChessBase"]
[SourceDate "2011.11.24"]
[SourceVersion "1"]
[SourceVersionDate "2011.11.24"]
[SourceQuality "1"]

1. d4 b6 2. c4 Bb7 3. e3 e6 4. Nf3 Nf6 5. Nc3 Be7 6. Be2 0-0 7. 0-0 d5 8. b3 dxc4 9. bxc4 c5 10. Ba3 Nbd7 11. d5 exd5 12. Nxd5 Nxd5 13. cxd5 Nf6 14. Bb2 Bxd5 15. Qd2 Ne4 16. Qc2 Qc7 17. Rad1 Qb7 18. Bc4 Rad8 19. Bxd5 Rxd5 20. Qxe4 Rfd8 21. Rxd5 Rxd5 22. Qg4 g6 23. e4 Rd3 24. h4 b5 25. h5 c4 26. hxg6 hxg6 27. Ne5 Rd8 28. Nxg6 Bb4 29. Ne7+ Kf8 30. Nd5 Rxd5 31. exd5 Qxd5 32. Rd1 Qc6 33. Qg7+ Ke7 34. Qg5+ f6 35. Qg7+ Ke8 36. Bxf6 1-0

[Event "Maastricht Limburg op-B 5th"]
[Site "Maastricht"]
[Date "2011.06.10"]
[Round "1"]
[White "Brixius, Dirk"]
[Black "Memeti, Kushtrim"]
[Result "1-0"]
[WhiteElo "1944"]
[BlackElo "1830"]
[PlyCount "57"]
[EventDate "2011.06.10"]
[EventType "swiss"]
[EventRounds "7"]
[EventCountry "NED"]
[SourceTitle "EXT 2012"]
[Source "ChessBase"]
[SourceDate "2011.11.24"]
[SourceVersion "1"]
[SourceVersionDate "2011.11.24"]
[SourceQuality "1"]

1. c4 b6 2. Nf3 Bb7 3. Nc3 e6 4. d4 Nf6 5. Bg5 Be7 6. e3 h6 7. Bh4 0-0 8. Qc2 d6 9. 0-0-0 Nbd7 10. Be2 Ng4 11. Bg3 Ngf6 12. h4 Rc8 13. Bf4 d5 14. g4 Ne4 15. g5 h5 16. Nxe4 dxe4 17. Nd2 f5 18. Bxh5 c5 19. Rhe1 Ba6 20. Qa4 Nb8 21. Bxb8 Rxb8 22. Qxa6 cxd4 23. exd4 b5 24. Qxe6+ Kh8 25. Nb3 Rb6 26. Qd5 Bd6 27. Kb1 bxc4 28. Qxc4 Qb8 29. Rc1 1-0